000 00640nam a2200181Ia 4500
008 100921s9999 xx 000 0 und d
082 _b38959
_a891.463 न 03
100 _aजोगळेकर योगिनी.
245 _aसोनचाफा.
260 _bमंगल दीप प्रकाशन, पुणे.
_c2003
300 _a207
_bजीवनग्रंथ वितरण,औरंगाबाद
365 _b170
520 _aललित-कादंबरी.
630 _aसोनचाफा.
650 _aललित-कादंबरी.
730 _aसोनचाफा.
942 _cBOOK
999 _c788072
_d788069